000 00527nam a22001817a 4500
003 CEME
005 20210628202747.0
008 210118b xxu||||| |||| 00| 0 eng d
020 _a1-58488-083-X
040 _c.
082 _a519.5352 MIL
100 _aMilliken, George A,Johnson, Dallas E
_961487
245 _aAnalysis of messy data analysis of covariance
260 _aNEW YORK
_bCHAPMAN
_c2002
300 _a603 P
650 _aANALYSIS OF VARIANCE.EXPERIMENTAL DESIGN.SAMPLING (STATISTICS)
_961488
942 _cBK
_2ddc
999 _c570923
_d570923